| 000 | 00352nam a22001337a 4500 | ||
|---|---|---|---|
| 008 | 181121b xxu||||| |||| 00| 0 eng d | ||
| 020 | _a9781429220057 | ||
| 041 | _aeng | ||
| 080 |
_27 ED _a311 |
||
| 100 | _a55 | ||
| 101 | _aSTA | ||
| 245 |
_aInstructors Solutions Manual And Test Bank For Moore And Notz Statistics _cNotz.W.I |
||
| 942 |
_2udc _cBK |
||
| 999 |
_c52245 _d52245 |
||